| 000 | 00544cam a22002171 4500 | ||
|---|---|---|---|
| 001 | af 48000508 | ||
| 003 | DLC | ||
| 005 | 20260227110844.0 | ||
| 008 | 860103s1945 fr 000 0 fre c | ||
| 010 | _aaf 48000508 | ||
| 035 | _a(OCoLC)12969089 | ||
| 040 |
_aChicago. Univ. Libr. _cKyU _dDLC |
||
| 042 | _apremarc | ||
| 050 | 0 | 0 |
_aPN1031 _b.G73 |
| 082 | _a808.1 | ||
| 100 | 1 |
_aGrout, Marius, _d1903-1946. |
|
| 245 | 1 | 0 | _aA un jeune poète. |
| 260 |
_aParis, _bÉditions du Pavois _c[1945] |
||
| 300 |
_a105 p. _c17 cm. |
||
| 650 | 0 | _aPoetry. | |
| 999 |
_c4094 _d4094 |
||